000 00903cam a2200205 4500
008 000000n2001 000 0 eng u
035 _a(Sirsi) u111843
245 _aRoom at the inn
260 _c2001
490 _aEstates Gazette
_v(0111) 17 March 2001, 170(1)
520 _aDiscusses the dispute in "Amec Developments Ltd v Jury's Hotel Management (UK) Ltd" and the court's assessment of damages for breach of a restrictive covenant, where the damages are based upon the 'price' that would have been negotiated for the release of the covenant. The correct valuation date should be prior to commencement of the building works that constituted the breach.
590 _aWB
650 _aRESTRICTIVE COVENANT
650 _aBREACH OF COVENANT
650 _aAMEC DEVELOPMENTS V JURY HOTEL MANAGEMENT (UK)
650 _aDAMAGES
650 _aVALUATION DATE
690 _aPROPERTY
942 _n0
999 _c66650
_d66650